| 000 | 01141nam a2200337 i 4500 | ||
|---|---|---|---|
| 001 | bg | ||
| 100 | 1 |
_aROBERTSON, John _d(1937- ) |
|
| 245 | 1 | 0 |
_aJak zapewnić dyscyplinę, ład i uwagę w klasie / _cJohn Robertson ; tł. Krzysztof Kruszewski. |
| 246 |
_iTyt. oryg.: _aEffective classroom control |
||
| 250 | _aWyd. 4. | ||
| 260 |
_aWarszawa : _bWydawnictwa Szkolne i Pedagogiczne, _c[2004]. |
||
| 300 |
_a215 s. : _brys. ; _c24 cm. |
||
| 490 | 1 | _aLiteratura Pedagogiczna | |
| 500 | _aTyt. oryg.: "Effective classroom control" 1996. | ||
| 504 | _aBibliogr. s. 210-215. | ||
| 650 | 9 | _aAutorytet | |
| 650 | 9 | _aDyscyplina (socjol.) | |
| 650 | 9 |
_aNauczanie _xefektywność |
|
| 650 | 9 | _aPsychologia wychowawcza | |
| 655 | _aPodręczniki | ||
| 700 | 1 |
_aKRUSZEWSKI, Krzysztof _d(1939- ). _eTł. |
|
| 830 | _aLiteratura Pedagogiczna | ||
| 020 | _a8302068764 | ||
| 040 | _cBPK | ||
| 041 | 1 |
_apol _heng |
|
| 080 | _a371.3.004.15:37.015.3](07) | ||
| 920 | _a83-02-06876-4 | ||
| 942 | _cKS | ||
| 008 | s pl f |000 0 pol | ||
| 999 |
_c44811 _d44811 |
||
| 856 |
_uhttp://koha.tu.koszalin.pl/cgi-bin/koha/opac-detail.pl?biblionumber=44811 _yKatalog online BPK |
||